| 000 | 00835nam a2200229Ia 4500 | ||
|---|---|---|---|
| 001 | 8770 | ||
| 003 | GE_BSU | ||
| 008 | 181216s||||||||xx |||||||||||||| ||und|| | ||
| 040 | _cGE_BSU | ||
| 080 | _a821.353.1-32 | ||
| 100 | _aიორამასვილი სოსო | ||
| 245 | _aწითელი ვაშლის საიდუმლოება | ||
| 245 | _bმოთხრობები | ||
| 245 | _cრედ:ნ კანდელაკი; მხატვ:ს.ცინცაძე | ||
| 260 | _aთბილისი. | ||
| 260 | _bსაბჭ.საქართველო | ||
| 260 | _c1977. | ||
| 300 | _a206გვ;20სმ.ილ; 1ფ.პორტრ | ||
| 653 | _aმოთხრობები. | ||
| 653 | _aწითელი ვაშლის საიდუმლოება | ||
| 942 | _cBK | ||
| 999 |
_c42080 _d42080 |
||